|
|
|
|
| LEADER |
00000cam a2200000 a 4500 |
| 001 |
317 |
| 005 |
20230308160220.0 |
| 008 |
000000|1855 ||||||||r|||||||||||spa|| |
| 040 |
|
|
|b spa
|
| 041 |
0 |
|
|a Español
|
| 082 |
0 |
|
|a 203
|
| 100 |
1 |
|
|a Donoso, Justo
|9 15850
|
| 245 |
|
|
|a Diccionario teolójico, canónico, jurídico, liturjico, bíblico, etc.
|c Justo Donoso
|h imp
|n tomo 1
|
| 264 |
|
|
|a Valparaiso
|b Imprenta i Librería del Mercurio
|c 1855
|
| 300 |
|
|
|a x; 511 páginas:
|c 23 cm
|
| 650 |
|
|
|a Diccionario teologico
|9 16873
|
| 852 |
|
|
|a UC-CDJBV
|c COLONIALES
|f Compra
|k margarita.gutierrez
|l 1
|m Limitada
|p 00000000
|q 50.00
|t 317
|y 388024
|b 1
|d CDRC
|e CDRC
|g 203 COLONIALES
|z 0000-00-00
|
| 856 |
|
|
|a http://sibuc.ucuenca.edu.ec/portada/317-cdj.jpg
|
| 942 |
|
|
|c BK
|
| 999 |
|
|
|c 9510
|d 9510
|